SSC English CGL Warrior/ (Record no. 213481)

MARC details
000 -LEADER
fixed length control field 00589nam a22002057a 4500
005 - DATE AND TIME OF LATEST TRANSACTION
control field 20250926144831.0
010 ## - LCCN (DPL NO)
LC control number ENG-146874
020 ## - INTERNATIONAL STANDARD BOOK NUMBER
International Standard Book Number 9789369584437
Terms of availability 375.00
035 ## - SYSTEM CONTROL NUMBER
System control number EN-130406
037 ## - SOURCE OF ACQUISITION
Source of stock number/acquisition DBAD
082 ## - DEWEY DECIMAL CLASSIFICATION NUMBER
Edition number 2
Classification number 000
100 ## - MAIN ENTRY--PERSONAL NAME
Personal name Solanki, Prashant
245 ## - TITLE STATEMENT
Title SSC English CGL Warrior/
Statement of responsibility, etc Prashant Solanki
250 ## - EDITION STATEMENT
Edition statement 2
260 ## - PUBLICATION, DISTRIBUTION, ETC. (IMPRINT)
Place of publication, distribution, etc Uttar Pradesh
Name of publisher, distributor, etc S. Chand Publishing
Date of publication, distribution, etc 2025
270 ## - ADDRESS
Address D-92, Sector-2, Noida
City Uttar Pradesh
Postal code 201301
Telephone number 61-120-4682700
300 ## - PHYSICAL DESCRIPTION
Extent 436p.
Dimensions 27cm(pb)
500 ## - GENERAL NOTE
General note 2025-26
942 ## - ADDED ENTRY ELEMENTS (KOHA)
Source of classification or shelving scheme Dewey Decimal Classification
Item type English Books
Call number suffix SOL
Classification part 000
Holdings
Withdrawn status Lost status Not for loan Collection code Home library Current library Date acquired Source of acquisition Cost, normal purchase price Full call number Barcode Copy number Cost, replacement price Koha item type
      Non-fiction Central Library Central Library 26/09/2025 Delivery of Books Act Division 375.00 SOL 000 EN-130406 1 375.00 English Books

© Delhi Public Library
Hit Counter
free hit counter